[Event "50th-ITA-ch-Teams-2018"]
[Site "Gallipoli"]
[Date "2018.04.27"]
[Round "1"]
[White "Gilevych, Artem"]
[Black "Vallejo Pons, Francisco"]
[Result "0-1"]
[WhiteElo "2407"]
[BlackElo "2705"]
[Annotator "TA"]
[PlyCount "84"]
[EventDate "2018.??.??"]
[EventType "team-tourn"]
[EventCountry "ITA"]
[SourceTitle "playchess.com"]
[Source "ChessBase"]
[SourceQuality "1"]

{[%evp 12,84,0,0,0,0,0,0,-6,-6,3,5,4,-2,45,0,110,83,82,71,90,0,67,67,67,54,57,20,20,0,0,0,36,-9,-12,-14,0,-132,-129,-133,-136,-151,-143,-197,-83,-78,-72,-273,-269,-271,-210,-187,-197,-277,-199,-276,-272,-253,-275,-595,-595,-609,-570,-1088,-1064,-5198,-3572,-3074,-2404,-29973,-29975,-29979,-29979,-29979,-29980]} 1. e4 c5 2. d4 cxd4 3. c3 dxc3 4. Nxc3 Nc6 5. Nf3 g6 6. Bc4 Bg7 7. e5 {LiveBook: 7 Games} Nh6 {B21: Sicilian: 2 f4 and Morra Gambit} (7... Nxe5 8. Nxe5 Bxe5 9. Bxf7+ Kxf7 10. Qd5+ Kg7 11. Qxe5+ Nf6 12. O-O d6 13. Qe2 Bd7 14. Bg5 Bc6 15. Rfe1 {1-0 (73) Daus,P (2406)-Simon,R (2443) ICCF email 2012}) 8. Bf4 O-O 9. O-O $1 Nf5 {The position is equal.} 10. g4 Nh6 (10... d6 $5 {[%cal Rd6e5]} 11. gxf5 dxe5 $14) 11. h3 {White wants to play Qd2.} Kh8 12. Qe2 $146 ({Predecessor:} 12. Qd2 Ng8 13. Rfe1 f6 14. exf6 Nxf6 15. Ng5 e6 16. Bd6 Ne7 17. Nb5 Ne8 18. Ba3 h6 19. Nxe6 Qb6 20. Nxg7 Nxg7 21. Qxh6# {1-0 (21) Kvassay,P-Marcin,V (2039) Trencianske Teplice 2005}) 12... a6 13. Ne4 {[%mdl 1024] White has compensation.} b5 (13... Ng8 $11 {keeps the balance.}) 14. Bd5 $16 Bb7 15. Qe3 {[#] Black must now prevent Nc5.} Ng8 16. Nfg5 (16. Nc5 $16 Qc8 17. Rfd1) 16... e6 (16... f6 $1 $11 17. exf6 Nxf6 18. Nxf6 Bxf6) 17. Nd6 $1 $14 {[%csl LRb7,LRf7]} Qe7 18. Bg2 ({Stronger than} 18. Nxb7 exd5 19. Rae1 f6 $17) 18... Rab8 19. Qc5 Ba8 20. Rac1 h6 21. Nf3 $1 ({Don't play} 21. Bxc6 Bxc6 22. Nge4 f5 $17) 21... Rbd8 22. b4 g5 23. Bg3 f6 24. h4 (24. a4 $11) 24... Nxe5 $17 25. Nxe5 fxe5 26. Bxa8 Rxa8 27. Bxe5 (27. hxg5 $17 Qxg5 28. f3) 27... Nf6 (27... gxh4 $19 {aiming for ...Qg5.} 28. Ne4 Qxc5 29. Bxg7+ Kxg7 30. Rxc5 Nf6 31. Nxf6 Rxf6) 28. hxg5 Nd5 29. Bg3 $2 {[#]} (29. Nf5 $17 {was worth a try.} exf5 30. Bxg7+ Qxg7 31. Qxd5) 29... Qxg5 $19 ({Weaker is} 29... hxg5 30. Rfd1 $11) 30. f3 Kg8 31. Ne4 Qg6 32. Kg2 (32. Kh2 $142) 32... a5 33. bxa5 (33. Bd6 $142) 33... Rxa5 34. Rf2 Rfa8 35. Rcc2 $2 (35. Kh1) 35... b4 36. Qd6 Ne3+ 37. Kh3 h5 {[%cal Bh6h5,Bh5g4][%mdl 32]} 38. Rc5 hxg4+ 39. Kh2 gxf3 40. Rxa5 Rxa5 {Black mates.} 41. Qb8+ Kh7 42. Kg1 Ng4 {Precision: White = 26%, Black = 66%.} 0-1

[Event "50th-ITA-ch-Teams-2018"]
[Site "Gallipoli"]
[Date "2018.04.27"]
[Round "1"]
[White "Mazzilli, Piero"]
[Black "Ortega, Lexy"]
[Result "1/2-1/2"]
[WhiteElo "2358"]
[BlackElo "2476"]
[Annotator "TA"]
[PlyCount "107"]
[EventDate "2018.??.??"]
[EventType "team-tourn"]
[EventCountry "ITA"]
[SourceTitle "playchess.com"]
[Source "ChessBase"]
[SourceQuality "1"]

{[%evp 10,107,0,-3,4,-27,-10,-45,-42,-74,-35,-65,-22,-53,-25,-30,-28,-28,-28,-30,-30,-33,-20,-22,272,-69,-68,-67,-60,-94,-89,-91,-91,-99,-93,-191,-184,-184,-184,-187,-187,-187,-187,-195,-195,-229,-195,-242,-202,-241,-241,-249,-241,-361,-361,-361,-350,-469,-469,-458,-262,-458,-458,-442,-423,-305,-4,-4,0,0,0,-117,-239,-493,0,0,0,0,0,-102,0,0,0,0,0,0,0,0,0,0,0,0,0,0,0,0,0,0,0,0]} 1. d4 d5 2. c4 c6 3. cxd5 cxd5 4. Nc3 e5 5. e3 e4 6. f3 {LiveBook: 3 Games. D10: Slav Defence: 3 cxd5 (without early Nf3) and 3 Nc3} (6. Qb3 Nf6 7. Nge2 Nc6 8. Nf4 Bb4 9. Bd2 Bxc3 10. Bxc3 O-O 11. Be2 Rb8 12. h4 b5 13. g4 Bxg4 14. Bxg4 Nxg4 15. Qxd5 Qxd5 16. Nxd5 {½-½ (39) Perelshteyn,E (2555)-Harikrishna,P (2668) Lubbock 2008}) 6... Nf6 7. Qc2 $146 {[%cal Rf3e4]} ({Predecessor:} 7. fxe4 dxe4 8. Bb5+ Bd7 9. Bxd7+ Qxd7 10. Nh3 Bb4 11. O-O Bxc3 12. bxc3 O-O {1-0 (57) Tempone,M (2415)-German,S (2275) Lomas de Zamora 1995}) 7... Bb4 8. Nge2 O-O 9. Ng3 {[%cal Rf3e4]} Nc6 10. Bd2 {[%cal Rf3e4]} Bd6 11. fxe4 Bxg3+ 12. hxg3 Nxe4 $1 13. Nxe4 {White threatens Nf6+! and mate.} Bf5 14. Bd3 dxe4 15. Bxe4 Nxd4 $1 16. Qd3 $1 ({But not} 16. exd4 $2 Bxe4 17. Qd1 (17. Qxe4 $2 Re8 $19) 17... Re8 $19) 16... Qg5 $2 {[%mdl 8192]} (16... g6 $11 {and Black is okay.}) 17. exd4 $2 (17. Qxd4 $18 Qxg3+ 18. Kf1) 17... Qe7 $15 18. O-O Bxe4 19. Rfe1 Rfe8 20. Qb5 Qd6 21. Re3 Qxd4 22. Rae1 (22. Qb4 $17 Qxb4 23. Bxb4) 22... Qxd2 $19 {[%csl Ge4][%cal Rd2g2]} 23. Rxe4 Qxe1+ 24. Rxe1 Rxe1+ {[%mdl 4096] Endgame KQ-KRR} 25. Kh2 Re7 26. Qc5 Rd7 27. a4 g6 28. a5 h5 29. Kh3 a6 30. b4 Re8 31. b5 (31. Qc3 {was called for.}) 31... Rd1 {[%cal Rd1h1]} 32. g4 Rd3+ 33. g3 hxg4+ 34. Kxg4 Kg7 (34... Ree3 $142 35. Qc8+ Kg7 36. Qxb7 axb5) 35. Qc7 $2 (35. b6) 35... Ree3 36. Qxb7 Rxg3+ 37. Kf4 g5+ $2 ({Black should try} 37... Rh3 $19 38. bxa6 Ra3 39. Qb2+ f6 40. Qb7+ Kh6) 38. Ke4 axb5 {Threatens to win with ...Ra3.} 39. a6 Ra3 {aiming for ...Ra4+.} 40. Qxb5 (40. a7 $11) 40... Rg4+ $17 41. Kf5 $2 {[#]} (41. Kd5 {was forced.} Rga4 42. Qb2+ f6 43. Qb7+ Kg6 44. Qb1+ Kh6 45. Ke6 Rxa6+ 46. Kf7 Ra7+ 47. Kxf6 Rf3+ 48. Ke6 Ra6+ 49. Kd5 Ra5+ 50. Kc4 Ra4+ 51. Kd5) 41... Rga4 $2 (41... Rf4+ $1 $19 42. Ke5 Rfa4) 42. Qe5+ Kh7 {( -> ...Rf3+)} 43. Qh2+ $1 Rh4 44. Qc2 {[#]} (44. Qc7 $11 {was the only way to keep the balance.} Kg7 45. a7 (45. Kxg5 $2 Rh6 $17)) 44... Kh6 (44... Rh6 $1 $17 45. Kxg5+ Rg6+ 46. Kf4 Kg8 47. Qc8+ Kg7) 45. Qc6+ $11 {The position is equal.} Kh5 {Hoping for ...Rf4+.} 46. Kf6 Rf4+ 47. Kg7 Rfa4 48. Qh1+ Kg4 49. Qg2+ Kf4 50. Qf2+ Ke4 51. Qe2+ Kd5 52. Qb5+ Kd4 53. Qb6+ Kd5 54. Qb5+ {Precision: White = 33%, Black = 50%.} 1/2-1/2

[Event "50th-ITA-ch-Teams-2018"]
[Site "Gallipoli"]
[Date "2018.04.27"]
[Round "1"]
[White "Dappiano, Andrea"]
[Black "Andreoni, Giuseppe"]
[Result "0-1"]
[WhiteElo "2310"]
[BlackElo "2197"]
[Annotator "TA"]
[PlyCount "98"]
[EventDate "2018.??.??"]
[EventType "team-tourn"]
[EventCountry "ITA"]
[SourceTitle "playchess.com"]
[Source "ChessBase"]
[SourceQuality "1"]

{[%evp 24,98,0,0,0,0,0,0,6,2,8,6,11,0,12,14,78,79,91,110,99,93,135,140,149,135,174,158,152,150,150,90,149,135,160,154,160,160,160,160,160,135,160,160,160,160,160,116,160,116,116,116,116,-27,0,-120,-109,-171,-160,-295,-279,-398,-402,-403,-101,-93,-87,-281,-267,-251,-211,-583,-578,-29975,-29976,-5622,-296]} 1. e4 e5 2. Nf3 Nc6 3. d4 exd4 4. Nxd4 Nf6 5. Nc3 Bb4 6. Nxc6 bxc6 7. Bd3 d5 8. exd5 cxd5 9. O-O O-O 10. Bg5 c6 11. Qf3 Bd6 12. h3 Rb8 13. Rab1 h6 {C47: Scotch Four Knights and Four Knights with 4 g3} 14. Bxf6 (14. Bf4 Be6 15. Ne2 c5 16. c3 Re8 17. Rfd1 Rb6 18. Bc2 Bxf4 19. Nxf4 Qb8 20. b3 a5 21. Re1 {1-0 (33) Dubov,D (2694)-Matlakov,M (2709) Moscow 2018}) 14... Qxf6 15. Qxf6 gxf6 {The position is equal.} 16. Ne2 c5 {...c4 is the strong threat.} 17. b3 Re8 18. Rbd1 Bc7 $146 ({Predecessor:} 18... Be5 19. f4 Bb2 20. Rb1 Ba3 21. Ng3 Bb4 22. Rbd1 Rb6 23. Be2 d4 24. Bd3 {½-½ (24) Vogelmann,P (2320)-Gawehns,K (2410) Germany 1999}) 19. Ng3 Ba5 (19... Rb6 $11) 20. c4 $1 $16 d4 21. Ne4 $36 {[%mdl 2048] White has strong initiative.} Re5 {[#]} 22. f4 $1 Rxe4 23. Bxe4 Bd7 24. Rf2 f5 25. Bd3 Bc7 26. g3 Kg7 27. Bf1 ({Better is} 27. Re1 Kf6 28. Rfe2) 27... Kf6 (27... h5 $142) 28. Re2 a5 29. Rde1 Bd6 30. Bg2 a4 31. Rb1 Be6 {White should prevent ...Bxc4.} 32. Ree1 a3 33. Bd5 Bd7 34. Kf2 Bc7 35. Ke2 Rg8 36. Rg1 Re8+ 37. Kf2 Ba5 38. g4 (38. Rbd1 $16) 38... Bd2 $11 39. g5+ (39. Kg3 $11) 39... hxg5 $17 40. fxg5+ (40. Rxg5 $17 Bxf4 41. Rg2) 40... Bxg5 $19 41. Rgf1 {[#]} (41. Rgd1 $17) 41... Be3+ $1 42. Kf3 (42. Ke2 $142 Bg5+ 43. Kf3) 42... f4 43. b4 cxb4 $2 (43... Rg8 $19 {is more deadly. And now ...d3 would win.} 44. Ke2 Bf5) 44. Rxb4 $17 Rg8 {( -> ...d3)} 45. Ke2 $2 (45. Rb7 $17 Rg3+ 46. Ke2 Bxh3 47. Rxf7+ Ke5 48. Re1) 45... Bxh3 $19 46. Rh1 Rg3 ({Much less strong is} 46... Bg4+ 47. Kd3 $17) 47. Rb3 $2 (47. Rb6+ {is a better chance.} Kg7 48. Rb3) 47... Bg4+ 48. Ke1 f3 {[%cal Bf4f3,Bf3f2][%mdl 32]} 49. Rf1 f2+ {Precision: White = 40%, Black = 51%.} 0-1

[Event "50th-ITA-ch-Teams-2018"]
[Site "Gallipoli"]
[Date "2018.04.27"]
[Round "1"]
[White "Paltrinieri, Nicholas"]
[Black "Garcia Palermo, Carlos"]
[Result "0-1"]
[WhiteElo "2309"]
[BlackElo "2404"]
[Annotator "TA"]
[PlyCount "44"]
[EventDate "2018.??.??"]
[EventType "team-tourn"]
[EventCountry "ITA"]
[SourceTitle "playchess.com"]
[Source "ChessBase"]
[SourceQuality "1"]

{[%evp 13,44,-21,-1,-29,6,0,11,6,14,20,53,50,51,49,51,50,44,-15,0,0,0,-13,-10,-20,-29,-374,-343,-768,-739,-1485,-1477,-1438,-1367]} 1. d4 Nf6 2. Bg5 d5 3. Bxf6 exf6 4. e3 c6 5. g3 (5. Bd3 Bd6 6. Nd2 O-O 7. Qf3 a5 8. Ne2 Na6 9. c3 Nc7 10. h4 Re8 11. g4 Ne6 12. O-O-O b5 13. Rdg1 g6 14. h5 Ng5 {½-½ (43) Mamedyarov,S (2809)-Kramnik,V (2800) Moscow 2018}) 5... Bd6 6. Bg2 {D00: 1 d4 d5: Unusual lines} O-O 7. Ne2 f5 {LiveBook: 22 Games} 8. Qd3 {The position is equal.} Qb6 $146 ({Predecessor:} 8... Be6 9. O-O Nd7 10. b3 Nf6 11. c4 g6 12. Nbc3 a6 13. c5 {0-1 (54) Paltrinieri,N (2300)-Manakov,I (2376) Austria 2018}) 9. b3 a5 10. O-O a4 11. Nd2 Qa6 12. Qxa6 Nxa6 13. c4 Bb4 14. Rfd1 Nc7 {[%cal Ba6c7,Bc7b5,Bb5c3][%mdl 32]} 15. c5 (15. a3 $14 Be7 16. cxd5) 15... Nb5 16. Nf3 f4 17. Nxf4 Bf5 18. Bf1 {[#] Black must now prevent Bxb5.} Nc3 $36 {[%mdl 2048] Black fights for an advantage.} 19. a3 $2 {[%mdl 8192]} (19. Re1 $1 $11) 19... axb3 $19 {[%cal Ba4b3,Bb3b2][%mdl 32]} (19... Nxd1 $2 20. axb4 Nxf2 21. Kxf2 $19) 20. axb4 $2 (20. Rd2 Rxa3 21. Rxa3 Bxa3 22. Nd3) 20... b2 {Black is clearly winning.} 21. Rac1 Nxd1 22. Rxd1 Ra1 {Precision: White = 33%, Black = 45%.} 0-1

[Event "50th-ITA-ch-Teams-2018"]
[Site "Gallipoli"]
[Date "2018.04.27"]
[Round "1"]
[White "Malloni, Marcello"]
[Black "Morozov, Nichita"]
[Result "1/2-1/2"]
[WhiteElo "2302"]
[BlackElo "2443"]
[Annotator "TA"]
[PlyCount "102"]
[EventDate "2018.??.??"]
[EventType "team-tourn"]
[EventCountry "ITA"]
[SourceTitle "playchess.com"]
[Source "ChessBase"]
[SourceQuality "1"]

{[%evp 13,102,20,38,22,45,19,19,25,46,36,50,40,40,37,54,38,69,52,87,85,97,95,90,85,104,87,93,72,89,84,91,89,103,82,82,82,91,83,152,91,91,75,83,0,91,0,83,83,89,89,89,84,90,91,102,93,93,0,115,96,87,85,91,85,93,0,202,197,189,152,154,0,0,-38,-32,-42,59,-25,122,63,72,58,112,122,120,120,196,193,318,313,344]} 1. e4 d6 2. d4 Nf6 3. Nc3 g6 4. Nf3 Bg7 5. Be2 a6 6. O-O O-O 7. Re1 Bg4 {LiveBook: 3 Games. B08: Pirc Defence: Classical System} (7... Nc6 8. d5 Na7 9. a4 e6 10. Be3 Re8 11. Bf1 exd5 12. exd5 Bg4 13. h3 Bxf3 14. Qxf3 Nd7 15. Re2 Nc8 {½-½ (62) Fressinet,L (2662)-Aronian,L (2805) Riadh 2017}) 8. Be3 Nc6 9. h3 Bxf3 {The position is equal.} 10. Bxf3 e5 11. d5 Ne7 12. Qd3 $146 ({Predecessor:} 12. a4 Nd7 13. a5 f5 14. Ra3 Nf6 15. b4 f4 16. Bc1 {0-1 (80) Roemling,S (2208)-Hoffmann,H (2211) Germany 2009}) 12... Nd7 13. a4 $36 {[%mdl 2048] White is pushing.} a5 14. Nb5 b6 15. Qc4 Nc5 16. c3 Na6 17. b4 f5 18. Rab1 fxe4 19. Bxe4 Nf5 20. Bd2 Kh8 21. Re2 Qd7 22. Rd1 Qf7 23. Be1 Bh6 24. Rd3 Qd7 25. Rf3 Rae8 (25... Bc1 $142) 26. Rb2 (26. Na7 $142 $1) 26... Ra8 $16 27. Rd3 Qf7 28. Rf3 Qd7 29. Rd3 (29. g3 $16) 29... Bg5 (29... Qf7 $1 $11) 30. g3 Qf7 31. Rf3 Qd7 32. Kh2 Bh6 33. Re2 Bg7 34. Bd3 Rf7 35. Be4 (35. Bd2 $16) 35... Raf8 (35... Rff8 $11) 36. Kg2 Bh6 37. Rb2 Bc1 38. Rb1 Bh6 39. Na7 (39. Kg1 $16) 39... Nb8 $2 (39... Nh4+ $1 $11 {and Black is okay.} 40. gxh4 Rxf3 41. Bxf3 Rxf3 42. Kxf3 Qf5+ 43. Kg2 Qxb1) 40. bxa5 $1 $18 bxa5 41. Rb7 Qd8 {[#]} 42. h4 $2 (42. Nc6 $1 $16 {[%cal Rc6d8]} Nxc6 43. dxc6) 42... Nd7 $1 $11 {[%cal Rd7c5] Threatens to win with ...Nc5.} 43. Nc6 Qc8 44. Rb5 Bg7 ({Black should play} 44... Nf6 $15 45. Bxf5 (45. Nxa5 $2 Nxh4+ 46. Kg1 Qg4 $19) 45... gxf5) 45. Rxa5 ({Better is} 45. Qe2 $14) 45... Nc5 (45... Nf6 $1 $11 {remains equal.} 46. Bxf5 gxf5) 46. Rxc5 (46. Kg1 $16) 46... dxc5 $14 47. Qd3 c4 ({Black should try} 47... Nd6 $14) 48. Qxc4 $16 Nd6 {[#]} 49. Qe2 $1 Qg4 (49... Rxf3 $16 50. Bxf3 e4) 50. Re3 $18 Qd7 (50... Qxe2 $142 51. Rxe2 Ra8) 51. c4 Nf5 {[%mdl 32768] Precision: White = 37%, Black = 33%. . An unexpected result.} 1/2-1/2

[Event "50th-ITA-ch-Teams-2018"]
[Site "Gallipoli"]
[Date "2018.04.27"]
[Round "1"]
[White "Begelman, Boris"]
[Black "Dvirnyy, Danyyil"]
[Result "0-1"]
[WhiteElo "2259"]
[BlackElo "2512"]
[Annotator "TA"]
[PlyCount "66"]
[EventDate "2018.??.??"]
[EventType "team-tourn"]
[EventCountry "ITA"]
[SourceTitle "playchess.com"]
[Source "ChessBase"]
[SourceQuality "1"]

{[%evp 17,66,-8,0,0,0,-10,12,-38,-48,-45,-52,-65,-70,-73,-84,-79,-66,-72,-72,-176,-166,-284,-280,-287,-247,-381,-343,-340,-306,-333,-308,-330,-297,-315,-314,-316,-310,-418,-418,-487,-484,-515,-502,-629,-521,-616,-620,-608,-612,-670,-635]} 1. d4 Nf6 2. c4 e6 3. Nf3 d5 4. Nc3 dxc4 5. e4 Bb4 6. Bxc4 {D24: Queen's Gambit Accepted: 3 Nf3 Nf6 4 Nc3} (6. Bg5 h6 7. Bxf6 Qxf6 8. Bxc4 c5 9. O-O cxd4 10. e5 Qd8 11. Ne4 O-O 12. Qe2 Be7 13. Rad1 Qc7 14. Bd3 Nd7 15. Rc1 Qa5 16. g4 Nxe5 17. Nxe5 Qxe5 {0-1 (37) Aronian,L (2794)-Caruana,F (2784) Berlin 2018}) 6... Nxe4 7. O-O Nxc3 8. bxc3 Bd6 9. Qe2 O-O {[%cal Bh8f8,Bf8f6,Bf6g6][%mdl 32] LiveBook: 4 Games} 10. Bd3 Nd7 11. Bg5 Qe8 12. Qe4 {[%csl Gd3][%cal Re4h7]} f5 13. Qh4 $146 ({Predecessor:} 13. Qe2 h6 {0-1 (82) Gunina,V (2509)-Kosteniuk,A (2527) Beijing 2013}) 13... h6 14. Bd2 Rf6 15. Rae1 g5 16. Nxg5 hxg5 17. Bxg5 Qf7 18. f4 (18. Bxf6 $17 Nxf6 19. Bc4) 18... Rg6 $19 19. g4 (19. Bc4 $142) 19... Nf6 20. h3 Bd7 21. Re2 (21. Bxf6 $142 Qxf6 22. Qxf6 Rxf6 23. g5) 21... Nh7 22. Bh6 Qf6 23. g5 {[#]} Rxh6 $1 24. Qxh6 (24. gxh6 Qxh4) 24... Qxh6 25. gxh6 Kf7 26. Rg2 Bf8 27. Kf2 Bxh6 28. Ke3 Nf6 {Black is clearly winning.} 29. c4 {[#]} c5 $1 30. Rfg1 (30. dxc5 Bf8) 30... Rh8 31. Rf2 Bf8 32. Rg3 Rh4 33. Rb2 b6 {Precision: White = 30%, Black = 84%.} 0-1

[Event "50th-ITA-ch-Teams-2018"]
[Site "Gallipoli"]
[Date "2018.04.27"]
[Round "1"]
[White "Varriale, Luca"]
[Black "Altini, Nicola"]
[Result "1/2-1/2"]
[WhiteElo "2250"]
[BlackElo "2426"]
[Annotator "TA"]
[PlyCount "81"]
[EventDate "2018.??.??"]
[EventType "team-tourn"]
[EventCountry "ITA"]
[SourceTitle "playchess.com"]
[Source "ChessBase"]
[SourceQuality "1"]

{[%evp 30,81,27,17,51,45,43,33,50,39,43,32,37,25,28,27,32,0,0,0,45,13,20,0,0,0,0,0,7,-7,0,0,0,0,9,9,21,0,0,0,0,0,0,0,0,0,0,0,0,0,0,0,0,0]} 1. d4 d5 2. c4 c6 3. Nc3 Nf6 4. Nf3 dxc4 5. a4 Bf5 {[%cal Bc8f5,Bf5g6,Bg6h5][%mdl 32]} 6. e3 e6 7. Bxc4 Bb4 8. O-O Nbd7 9. Qe2 Bg6 10. e4 O-O 11. Bd3 Bh5 12. e5 Nd5 13. Nxd5 cxd5 14. Qe3 Re8 {D19: Slav Defence: 5 a4 Bf5 6 e3: Main line with 9 Qe2} 15. Ne1 (15. Bd2 Qa5 16. Qe1 Bxd2 17. Qxd2 Qd8 18. Ng5 Bg6 19. Be2 Qe7 20. Rfc1 Rec8 21. Nh3 Qd8 22. a5 Rxc1+ 23. Rxc1 {1-0 (62) Sargissian,G (2677)-Alekseenko,K (2609) Moscow 2018}) 15... Bg6 16. Bxg6 {LiveBook: 8 Games} fxg6 17. Nd3 Be7 18. Bd2 Rc8 19. Rfc1 Nf8 $146 ({Predecessor:} 19... Qb6 20. b4 Rc4 21. Rxc4 dxc4 22. Nc5 Bxc5 23. dxc5 {0-1 (45) Goormachtigh,J (2323)-Becker,M (2387) Belgium 2010}) 20. Rxc8 Qxc8 21. Rc1 Qd7 22. b3 Rc8 23. Bb4 Bxb4 24. Nxb4 Rc7 25. Na2 h6 {The position is equal.} 26. Rxc7 Qxc7 27. Qc3 Qf7 28. Nb4 g5 29. a5 Qd7 30. a6 bxa6 31. Nxa6 Qb5 32. Nc5 Qe2 {[#] ( -> ...Qd1+)} 33. Qd3 (33. h3 {feels hotter.} Qd1+ 34. Kh2 g4 35. h4 Qb1 36. Qe3) 33... Qe1+ 34. Qf1 Qc3 35. Qd1 g4 36. g3 h5 37. Kg2 Qb2 38. Na4 Qa2 39. Nc5 Qb2 40. Na4 Qa2 41. Nc5 {Precision: White = 27%, Black = 69%.} 1/2-1/2

[Event "50th-ITA-ch-Teams-2018"]
[Site "Gallipoli"]
[Date "2018.04.27"]
[Round "1"]
[White "Seresin, Francesco"]
[Black "Djuric, Stefan"]
[Result "1/2-1/2"]
[WhiteElo "2246"]
[BlackElo "2371"]
[Annotator "TA"]
[PlyCount "169"]
[EventDate "2018.??.??"]
[EventType "team-tourn"]
[EventCountry "ITA"]
[SourceTitle "playchess.com"]
[Source "ChessBase"]
[SourceQuality "1"]

{[%evp 11,169,21,34,-6,-1,-70,-79,-80,-76,-91,-60,-69,-55,-52,-58,-57,-54,-74,-47,-69,-66,-69,-67,-64,-63,-69,-65,-65,-68,-101,-70,-83,-54,-126,-58,-62,-67,-64,-60,-65,-52,-66,-58,-59,-61,-74,-85,-85,-32,-66,-21,-25,-15,-18,-14,-130,-133,-125,-133,-147,-147,-147,-147,-147,-147,-147,-147,-147,-147,-147,-147,-147,-146,-144,-140,-137,-136,-146,-138,-131,-102,-134,-116,-268,-259,-260,-254,-258,-258,-461,-455,-445,-441,-425,-410,-369,-353,-451,-456,-561,-247,-249,-249,-422,-390,-646,-645,-645,-585,-443,-42,-1144,-654,-1247,-42,-723,0,0,0,-15,-16,-25,0,-35,-21,-147,-147,-1071,0,0,0,0,0,-37,-37,-40,0,0,0,-35,-37,-42,0,0,0,-11,-13,-10,0,0,0,-704,0,0,0,0,0,0,0,0]} 1. d4 Nf6 2. c4 g6 3. Nf3 Bg7 4. g3 c5 5. Bg2 Qa5+ 6. Bd2 Qb6 7. Bc3 {E60: King's Indian: Unusual lines and Fianchetto Variation without Nc3} (7. dxc5 Qxc5 8. Qb3 Ne4 9. Be3 Qa5+ 10. Nbd2 Nc6 11. O-O Nd6 12. Rfd1 Nf5 13. Nf1 Nxe3 14. Nxe3 O-O 15. Rac1 {0-1 (54) Grachev,B (2672)-Inarkiev,E (2666) Vladivostok 2014}) 7... Ne4 8. dxc5 $146 (8. O-O $11) ({Predecessor:} 8. O-O Nc6 9. dxc5 Nxc3 10. Nxc3 Qxb2 11. Nd5 O-O 12. Qa4 e6 13. Rab1 Qxe2 14. Rfe1 Qd3 {½-½ (108) Krensing,J (2325)-Gaponenko,I (2421) Germany 2016}) 8... Nxc3 $15 9. bxc3 {Black is better.} Qxc5 10. Qd3 Nc6 11. Nbd2 Qa5 12. Nd4 Ne5 13. Qc2 O-O 14. O-O Qc5 15. N4b3 Qc7 16. c5 Rb8 17. Rac1 b6 18. cxb6 axb6 19. c4 Ba6 20. f4 Ng4 21. Qd3 d6 22. Nd4 (22. e3 $15) 22... Bb7 ({Better is} 22... e5 $17 23. Nc6 Rbe8) 23. e3 Bxg2 24. Kxg2 Ra8 25. Rc2 Qb7+ 26. Kg1 Rfc8 27. Rb1 Ra6 28. Ne4 Qa8 29. Nc3 {[#]} e6 (29... Rxc4 $1 $17 {[%mdl 512]} 30. Nd5 (30. Qxc4 Nxe3 31. Qb4 Bxd4 $17) 30... Rc5 31. Nxb6 Rxb6 $1 {[%mdl 512]} 32. Rxb6 Nxe3) 30. Rcb2 e5 31. Ndb5 $1 exf4 32. exf4 Qc6 $36 {[%mdl 2048] aiming for ...Qc5+. White is under pressure.} 33. h3 (33. Re2 $11 {remains equal.}) 33... Qc5+ $17 34. Kg2 Ne3+ 35. Kh2 Nxc4 36. Re2 Bxc3 $1 37. Nxc3 Ra3 {And now ...Na5 would win.} 38. Rb3 Rxb3 39. axb3 {[#]} Nb2 $1 {[%cal Rb2d3][%mdl 512]} 40. Rxb2 Qxc3 41. Rd2 Qxd3 42. Rxd3 {[%mdl 4096] Endgame KR-KR} Rc2+ 43. Kg1 Rb2 44. Rxd6 Rxb3 45. Kf2 b5 46. Rb6 h5 47. h4 $2 (47. f5 $17 {keeps fighting.}) 47... Kg7 $19 48. Kg2 b4 49. Kf2 {[#]} Rb1 $1 50. Rb5 $2 (50. Ke3) 50... b3 51. Rb6 Kf8 52. Rb7 Ke8 53. Kg2 f6 54. Rb5 Kd7 55. f5 Rb2+ (55... gxf5 $142 {...Kc6 is the strong threat.} 56. Rxf5 b2) 56. Kf3 gxf5 57. Rxf5 $2 (57. Ke3) 57... Rb1 58. Kg2 $2 (58. Rb5) 58... Rc1 {White must now prevent ...b2.} 59. Rb5 Rc2+ 60. Kf3 {[#]} b2 $2 (60... Rc3+ $1 $19 61. Ke2 Kc6) 61. Kf4 $2 {[%mdl 8192]} (61. g4 $15) 61... Kd6 62. Rb8 Ke6 $2 (62... Kd5 $19 {Strongly threatening ...Kc4.} 63. Kf5 Rg2 64. Kxf6 Kc4 65. Rc8+ Kd3) 63. Rb6+ $2 {[%mdl 8192]} (63. g4 $15) 63... Kf7 $2 (63... Kd5 $19 64. Kf5 Rg2) 64. Rb7+ $11 Kg6 65. Rb5 Rf2+ 66. Ke3 Rh2 67. Kf4 Kf7 68. Rb7+ (68. Rb6 $1 $11 {was the only way to keep the balance.}) 68... Ke6 $17 69. Rb6+ $2 {[%mdl 8192]} (69. Rb5 $17) 69... Kf7 $2 (69... Kd5 $19 {Threatens to win with ...Kc4.} 70. Kf5 Rg2 71. Kxf6 Kc4 72. Rc6+ Kb5) 70. Rb7+ $11 Kg6 71. Rb5 Rc2 72. Kf3 Kf7 73. Kf4 Kg6 74. Kf3 Rd2 75. Kf4 Kf7 76. Rb7+ Kg6 (76... Ke6 $5 {[%cal Re6d5]} 77. g4 Rd4+ 78. Kg3 Rd3+ 79. Kf4 Rd4+ 80. Kg3 Rxg4+ 81. Kh3 Rg1 82. Rxb2 Kf5 $17) 77. Rb5 Rh2 78. Kf3 Kf7 79. Kf4 Rc2 $2 {[%mdl 8192]} (79... Ke7 $11) 80. Rb7+ $19 Ke6 81. Rb6+ Kf7 $2 (81... Kd5 $19 82. Kf5 Kc5) 82. Rb7+ $11 {The position is equal.} Kg6 83. Rb5 Re2 84. Kf3 Rh2 85. Kf4 {Precision: White = 44%, Black = 61%.} 1/2-1/2